Central European Countries English To Turkish - Statistics

General Stats
  • This quiz has been taken 206 times
  • The average score is 9 of 9
Answer Stats
English Türkçe % Correct
Germany Almanya
99%
Poland Polonya
99%
Slovakia Slovakya
98%
Austria Avusturya
97%
Slovenia Slovenya
97%
Switzerland İsviçre
95%
Czechia Çekya
92%
Hungary Macaristan
90%
Liechtenstein Lihtenştayn
83%
No matching quizzes found
Score Distribution
Percent of People with Each Score
Percentile by Number Answered
Your Score History
You have not taken this quiz